Measuring capacity in fisheries / (Record no. 15992)

000 -LEADER
fixed length control field 00614cam a22002057a 4500
020 ## - INTERNATIONAL STANDARD BOOK NUMBER
ISBN 9251049742
040 ## - CATALOGING SOURCE
Transcribing agency OSU
082 ## - DEWEY DECIMAL CLASSIFICATION NUMBER
Classification number 338 FOO 2003 A079 Or.
245 00 - TITLE STATEMENT
Title Measuring capacity in fisheries /
260 ## - PUBLICATION, DISTRIBUTION, ETC. (IMPRINT)
Place of publication Rome :
Name of publisher Food and Agriculture Organization of the United Nations,
Year of publication c2003.
300 ## - PHYSICAL DESCRIPTION
Number of Pages xii, 314 p. :
Other physical details ill. ;
Dimensions 29 cm.
490 1# - SERIES STATEMENT
Series statement FAO fisheries technical paper,
650 #0 - SUBJECT ADDED ENTRY--TOPICAL TERM
Topical Term Fishery management.
650 #0 - SUBJECT ADDED ENTRY--TOPICAL TERM
Topical Term Fishery management, International.
650 #0 - SUBJECT ADDED ENTRY--TOPICAL TERM
Topical Term Fishery resources.
650 #0 - SUBJECT ADDED ENTRY--TOPICAL TERM
Topical Term Fish stock assessment.
700 1# - ADDED ENTRY--PERSONAL NAME
Personal name Pascoe, Sean.
700 1# - ADDED ENTRY--PERSONAL NAME
Personal name Greboval, D. F.
942 ## - ADDED ENTRY ELEMENTS (KOHA)
Koha item type សៀវភៅភាសាអង់គ្លេស
952 ## - LOCATION AND ITEM INFORMATION (KOHA)
Withdrawn status [LOCAL, KOHA] 0
Holdings
Permanent Location Date acquired Koha item type Lost status Shelving location Barcode Current Location Full call number
Library Block A2017-12-25សៀវភៅភាសាអង់គ្លេស A079A29062Library Block A338 FOO 2003 A079 Or.
មជ្ឈមណ្ឌលឯការនៃសាកលវិទ្យាល័យភូមិន្ទកសិកម្មចំការដូង

Powered by Koha